000 00393nam a22001697a 4500
003 MPLRDC
005 20220104123745.0
008 210129b ||||| |||| 00| 0 eng d
082 _a413.47 YMH
100 _a叶铭洪
245 _a怎样应付痔瘘
_c
260 _a
_b万叶出版社
_c
300 _b
490 _a大众保健丛书
650 _a痔瘘
942 _cBK
_o413.47 YMH
999 _c13957
_d13947